Management development and education in the Soviet Union

Uloženo v:
Podrobná bibliografie
Hlavní autor: Richman, Barry M.
Médium: Kniha
Jazyk:Undetermined
Vydáno: MSU International business studies 1967
Témata:
Tagy: Přidat tag
Žádné tagy, Buďte první, kdo otaguje tento záznam!
Thư viện lưu trữ: Trung tâm Học liệu Trường Đại học Cần Thơ
LEADER 00597nam a2200193Ia 4500
001 CTU_87976
008 210402s9999 xx 000 0 und d
082 |a 658 
082 |b R523 
100 |a Richman, Barry M. 
245 0 |a Management development and education in the Soviet Union 
245 0 |c Barry M. Richman 
260 |b MSU International business studies 
260 |c 1967 
650 |a Industrial management,Industrial management 
650 |x Study and teaching 
650 |z Soviet Union,Soviet Union 
904 |i M.Loan 
980 |a Trung tâm Học liệu Trường Đại học Cần Thơ